000
00212 a2200097 4500
001
58364
100
_a
245
_a
Metal cutting and tool design
260
_a
NY
_b
VIKAS Pub House
_c
1993
090
_c
35854
_d
35854
942
_a
NUST-CAE
_c
_c
28729
999
_c
293437
_d
293437